ABC of Information Technology - IX (Record no. 9534)

MARC details
000 -LEADER
fixed length control field 00268nam a22000977a 4500
008 - FIXED-LENGTH DATA ELEMENTS--GENERAL INFORMATION
fixed length control field 180201b ||||| |||| 00| 0 eng d
020 ## - INTERNATIONAL STANDARD BOOK NUMBER
International Standard Book Number 9788124501955
100 ## - MAIN ENTRY--PERSONAL NAME
Personal name Jaini, C
9 (RLIN) 5706
245 ## - TITLE STATEMENT
Title ABC of Information Technology - IX
260 ## - PUBLICATION, DISTRIBUTION, ETC. (IMPRINT)
Place of publication, distribution, etc. New Delhi
Name of publisher, distributor, etc. Arya Publication
Date of publication, distribution, etc. 2008
Holdings
Withdrawn status Lost status Source of classification or shelving scheme Damaged status Koha normalized classification for sorting Not for loan Home library Current library Shelving location Date acquired Total Checkouts Full call number Barcode Date last seen Price effective from Koha item type
    Dewey Decimal Classification   JAI_004_000000000000000_D8   Good Samaritan School Library Good Samaritan School Library Computer Science 02/01/2018   JAI004 D-8 JAI5895 02/01/2018 02/01/2018 BOOK

Powered by Koha